Państwa z najsłabszym paszportem na świecie. - Statystyki

Ogólne statystyki
  • Ten quiz został rozwiązany 195 razy
  • Średni wynik to 6 z 11
Statystyki odpowiedzi
liczba państw bez wizy Kraj % Poprawnych
39 Korea Północna
85%
26 Afganistan
76%
28 Irak
74%
29 Syria
69%
32 Pakistan
58%
34 Somalia
49%
33 Jemen
46%
40 Libia
34%
38 Nepal
28%
40 Kosowo
25%
37 Palestyna
20%
Nie znaleziono quizów pasujących do podanych kryteriów
Rozkład punktacji
Procent ludzi z każdym wynikiem
Percentyl według liczby udzielonych odpowiedzi
Twoja historia wyników
Nie rozwiązałeś tego quizu